Géographie de la France par lettre - L - Statistiques

Statistiques générales
  • Ce quiz a été pris 21 655 fois
  • Le résultat moyen est 12 sur 20
Statistiques - réponses
Question Réponse % Correct
Plus long fleuve intégralement français Loire
98%
Lac bordant la Haute-Savoie et la Suisse Léman
88%
Chef-lieu de la région Hauts-de-France Lille
85%
Ville sur la Manche et accueillant le premier port français de marchandises Le Havre
77%
Ville la plus peuplée du Limousin Limoges
77%
Ville des Pays-de-la-Loire accueillant une célèbre course d'endurance automobile Le Mans
75%
Centre de la deuxième agglomération du pays Lyon
73%
Plus grande ville de son département et située en face de l'Île de Ré La Rochelle
71%
Ville la plus peuplée du Morbihan Lorient
65%
Ville des Hautes-Pyrénées, massivement fréquentée par les pèlerins chrétiens Lourdes
65%
Le département le moins peuplé de France Lozère
60%
Rivière et département n°46 Lot
58%
Forêt et département n°40 Landes
56%
Chef-lieu de la Mayenne, avec un homonyme au Québec Laval
55%
Sous-préfecture du Pas-de-Calais Lens
54%
Chef-lieu du Jura Lons-le-Saunier
34%
Sous-préfecture et station balnéaire de Vendée Les Sables-d'Olonne
32%
Troisième ville de Saône-et-Loire en population, ayant eu un fort passé industriel Le Creusot
18%
Ville la plus peuplée de Guadeloupe Les Abymes
18%
Ville côtière de l'agglomération de Toulon et dépassant les 60 000 habitants La Seyne-sur-Mer
15%
Aucun quiz correspondant
Distribution des résultats
% des personnes avec chaque résultat
Percentile par nombre de réponses
Votre historique - résultats
Vous n’avez pas pris ce quiz